[Event "GER-ch Seniors"]
[Site "Dresden"]
[Date "2012.08.09"]
[Round "1"]
[White "Mietner, Franz"]
[Black "Krueger, Bernd"]
[Result "1-0"]
[WhiteElo "1998"]
[BlackElo "1767"]
[PlyCount "79"]
[EventDate "2012.08.09"]
[EventType "swiss"]
[EventRounds "9"]
[EventCountry "GER"]
[SourceTitle "EXT 2014"]
[Source "ChessBase"]
[SourceDate "2013.11.20"]
[SourceVersion "1"]
[SourceVersionDate "2013.11.20"]
[SourceQuality "1"]

1. e4 d5 2. exd5 Qxd5 3. Nc3 Qd6 4. Nf3 a6 5. d4 Bf5 6. Be3 Nf6 7. h3 Nc6 8. Qd2 Rd8 9. 0-0-0 Nd5 10. Nxd5 Qxd5 11. c4 Qa5 12. Qxa5 Nxa5 13. d5 e6 14. Nd4 h5 15. Nxf5 exf5 16. Kc2 b6 17. Bd3 f6 18. a3 g6 19. Rhe1 Kf7 20. b4 Nb7 21. Re2 Bd6 22. Rde1 Rhe8 23. Bd4 Rxe2+ 24. Rxe2 Be7 25. Kb3 a5 26. Bc3 Re8 27. Bd4 Bd8 28. Rxe8 Kxe8 29. c5 Kf7 30. Ba6 bxc5 31. bxc5 Nd6 32. cxd6 cxd6 33. Ka4 f4 34. Kb5 g5 35. Bb6 Be7 36. Bxa5 f5 37. Kc6 g4 38. Bf1 h4 39. f3 Ke8 40. Bc7 1-0

[Event "GER-ch Seniors 22nd"]
[Site "Berlin"]
[Date "2010.08.22"]
[Round "7"]
[White "Nietsch, Horst"]
[Black "Mietner, Franz"]
[Result "0-1"]
[WhiteElo "1837"]
[BlackElo "1700"]
[PlyCount "118"]
[EventDate "2010.08.16"]
[EventType "swiss"]
[EventRounds "9"]
[EventCountry "GER"]
[SourceTitle "CBM 138 Extra"]
[Source "ChessBase"]
[SourceDate "2010.10.29"]
[SourceVersion "1"]
[SourceVersionDate "2010.10.29"]
[SourceQuality "1"]

1. e4 c6 2. d4 d5 3. e5 Bf5 4. Nf3 e6 5. Be2 Nd7 6. 0-0 c5 7. c4 dxc4 8. Bxc4 cxd4 9. Nxd4 Bg6 10. Qb3 Qb6 11. Bb5 Bc5 12. Bxd7+ Kxd7 13. Qa4+ Ke7 14. Be3 Rd8 15. Rd1 Nh6 16. Bg5+ f6 17. exf6+ gxf6 18. Bxh6 Bxd4 19. Nc3 Bxf2+ 20. Kh1 a6 21. Qf4 Bh5 22. Bg7 e5 23. Qc4 Rxd1+ 24. Rxd1 Bf7 25. Rd7+ Kxd7 26. Qxf7+ Kc8 27. Bxh8 Qxb2 28. Qg8+ Kd7 29. Qxh7+ Kc8 30. Qg8+ Kd7 31. Qd5+ Kc7 32. Qd3 Bd4 33. Nd1 Qa1 34. Qc2+ Kb8 35. Qe2 e4 36. g3 Qb1 37. Kg2 e3 38. Qf3 Qxa2+ 39. Kf1 Qxh2 40. Qf4+ Ka8 41. Nxe3 Bxe3 42. Qxe3 Qxh8 43. Qe6 Qh1+ 44. Kf2 Qh2+ 45. Kf3 Qh5+ 46. g4 Qg5 47. Ke4 Ka7 48. Qd7 Qe5+ 49. Kf3 Qc3+ 50. Kf4 a5 51. Kf5 Qe5+ 52. Kg6 Qc3 53. Kf7 Qc6 54. Qf5 b5 55. Qf2+ Ka6 56. Qxf6 Qxf6+ 57. Kxf6 a4 58. g5 a3 59. g6 a2 0-1

[Event "GER-ch Seniors 22nd"]
[Site "Berlin"]
[Date "2010.08.16"]
[Round "1"]
[White "Mietner, Franz"]
[Black "Weyrauch, Erich"]
[Result "1/2-1/2"]
[WhiteElo "1700"]
[BlackElo "2037"]
[PlyCount "43"]
[EventDate "2010.08.16"]
[EventType "swiss"]
[EventRounds "9"]
[EventCountry "GER"]
[SourceTitle "CBM 138 Extra"]
[Source "ChessBase"]
[SourceDate "2010.10.29"]
[SourceVersion "1"]
[SourceVersionDate "2010.10.29"]
[SourceQuality "1"]

1. e4 c5 2. Nf3 d6 3. d4 cxd4 4. Nxd4 Nf6 5. Nc3 g6 6. Be2 Bg7 7. Be3 Nc6 8. Qd2 Bd7 9. f3 a6 10. g4 0-0 11. h4 b5 12. h5 b4 13. Nd5 Nxd5 14. exd5 Nxd4 15. Bxd4 Bxd4 16. Qxd4 e5 17. dxe6 Bxe6 18. f4 Qa5 19. Qf6 Qd8 20. Qd4 Qa5 21. Qf6 Qd8 22. Qd4 1/2-1/2

[Event "GER-ch Seniors 21st"]
[Site "Dresden"]
[Date "2009.08.05"]
[Round "4"]
[White "Nemoj, Ilja"]
[Black "Mietner, Franz"]
[Result "0-1"]
[WhiteElo "1860"]
[BlackElo "1959"]
[PlyCount "66"]
[EventDate "2009.08.03"]
[EventType "swiss"]
[EventRounds "9"]
[EventCountry "GER"]
[SourceTitle "CBM 131 Extra"]
[Source "ChessBase"]
[SourceDate "2009.09.03"]
[SourceVersion "2"]
[SourceVersionDate "2009.09.16"]
[SourceQuality "1"]

1. d4 g6 2. e4 d6 3. c3 Bg7 4. Bd3 Nf6 5. f4 0-0 6. Nf3 c5 7. 0-0 Qc7 8. Na3 Bg4 9. d5 a6 10. c4 Rd8 11. Rb1 Nbd7 12. h3 Bxf3 13. gxf3 Nh5 14. Qe1 Bd4+ 15. Kh2 e6 16. Nc2 Bg7 17. Rg1 b5 18. b3 b4 19. Be2 Re8 20. Bd2 exd5 21. cxd5 Bh6 22. Rg4 Ndf6 23. Rh4 Qe7 24. f5 Bxd2 25. Qxd2 Qe5+ 26. f4 Qxe4 27. Bxh5 Nxh5 28. Re1 Qf3 29. Rg4 Re4 30. fxg6 hxg6 31. Ne3 Rae8 32. f5 Rxe3 33. fxg6 Qxh3+ 0-1

[Event "GER-ch Seniors 21st"]
[Site "Dresden"]
[Date "2009.08.04"]
[Round "2"]
[White "Mietner, Franz"]
[Black "Schoen, Werner"]
[Result "1-0"]
[WhiteElo "1959"]
[BlackElo "2141"]
[PlyCount "84"]
[EventDate "2009.08.03"]
[EventType "swiss"]
[EventRounds "9"]
[EventCountry "GER"]
[SourceTitle "CBM 131 Extra"]
[Source "ChessBase"]
[SourceDate "2009.09.03"]
[SourceVersion "2"]
[SourceVersionDate "2009.09.16"]
[SourceQuality "1"]

1. e4 e5 2. Nf3 d6 3. Bc4 Be7 4. d4 exd4 5. Nxd4 Bf6 6. c3 Ne7 7. 0-0 Ng6 8. f4 0-0 9. Be3 Bd7 10. Nd2 Nc6 11. a3 a6 12. Qc2 Qe7 13. Rae1 Rae8 14. Ba2 Qd8 15. Bb1 Qc8 16. N2f3 Re7 17. Nf5 Bxf5 18. exf5 Nh8 19. g4 Rfe8 20. Kf2 h6 21. g5 hxg5 22. fxg5 Be5 23. f6 Ng6 24. fxe7 Rxe7 25. Kg1 Qg4+ 26. Qg2 Qh5 27. h3 Kf8 28. Bxg6 Qxg6 29. Nh4 Qh5 30. Qf2 Kg8 31. Kg2 Nd8 32. Nf5 Re6 33. Qh4 Qg6 34. Qg4 b6 35. Bd4 Nc6 36. h4 f6 37. Nh6+ Kh7 38. Qxe6 Qc2+ 39. Rf2 Qd3 40. Qf5+ Qxf5 41. Nxf5 g6 42. Bxe5 Nxe5 1-0

[Event "GER-ch Seniors-A 20th"]
[Site "Erfurt"]
[Date "2008.08.12"]
[Round "8"]
[White "Wojtkowiak, Horst"]
[Black "Mietner, Franz"]
[Result "0-1"]
[WhiteElo "1677"]
[BlackElo "1729"]
[PlyCount "62"]
[EventDate "2008.08.05"]
[EventType "swiss"]
[EventRounds "9"]
[EventCountry "GER"]
[SourceTitle "CBM 126 Extra"]
[Source "ChessBase"]
[SourceDate "2008.11.05"]
[SourceVersion "1"]
[SourceVersionDate "2008.11.05"]
[SourceQuality "1"]

1. c4 Nf6 2. Nc3 g6 3. g3 Bg7 4. Bg2 0-0 5. Nf3 c6 6. e4 d6 7. 0-0 Nbd7 8. d4 e5 9. b3 Nh5 10. Ba3 exd4 11. Nxd4 c5 12. Nde2 Ne5 13. Bb2 Bg4 14. f3 Be6 15. Kh1 Nc6 16. Qd2 Qe7 17. Rad1 Rfd8 18. Nd5 Bxd5 19. Bxg7 Bxc4 20. Bb2 Bxe2 21. Qxe2 Ng7 22. f4 d5 23. Qf3 dxe4 24. Qxe4 Nf5 25. Qc4 Rxd1 26. Rxd1 Ncd4 27. Bxd4 Nxd4 28. Qd5 Nc6 29. Qc4 Nd4 30. Qd5 Rb8 31. h4 Ne2 0-1

[Event "GER-ch Seniors Gp-A 19th"]
[Site "Templin"]
[Date "2007.08.26"]
[Round "4"]
[White "Pitt, Wolfgang"]
[Black "Mietner, Franz"]
[Result "1-0"]
[WhiteElo "2019"]
[BlackElo "1734"]
[PlyCount "63"]
[EventDate "2007.08.23"]
[EventType "swiss"]
[EventRounds "9"]
[EventCountry "GER"]
[SourceTitle "EXT 2022"]
[Source "ChessBase"]
[SourceDate "2021.10.06"]
[SourceVersion "1"]
[SourceVersionDate "2021.10.06"]
[SourceQuality "1"]

1. Nf3 Nf6 2. g3 g6 3. Bg2 Bg7 4. 0-0 0-0 5. d3 d5 6. Nbd2 Nc6 7. Re1 Bd7 8. e4 dxe4 9. dxe4 Nh5 10. c3 Bg4 11. h3 Bxf3 12. Bxf3 Nf6 13. Qb3 Rb8 14. e5 Nd7 15. e6 Nde5 16. exf7+ Kh8 17. Bxc6 Nxc6 18. Nf3 h6 19. Nh4 Kh7 20. Qe6 Qd3 21. Bf4 Nd8 22. Qb3 e5 23. Rad1 Qa6 24. Bxe5 Bxe5 25. Rxe5 Qf6 26. Re3 Nxf7 27. Re6 Qg5 28. Rxg6 Qc5 29. Rd7 Qe5 30. Rxf7+ Rxf7 31. Qxf7+ Kh8 32. Rxh6# 1-0

[Event "Duisburg Grossenbaum op"]
[Site "Duisburg"]
[Date "2006.06.11"]
[Round "5"]
[White "Mietner, Franz"]
[Black "Karwatzki, Hans Juergen"]
[Result "1-0"]
[WhiteElo "2013"]
[BlackElo "1693"]
[PlyCount "69"]
[EventDate "2006.06.02"]
[EventType "swiss"]
[EventRounds "7"]
[EventCountry "GER"]
[SourceTitle "EXT 2007"]
[Source "ChessBase"]
[SourceDate "2006.11.23"]
[SourceVersion "1"]
[SourceVersionDate "2006.11.23"]
[SourceQuality "1"]

1. e4 e5 2. Nf3 Nc6 3. Bb5 Nf6 4. 0-0 Bc5 5. c3 0-0 6. d4 exd4 7. cxd4 Bb6 8. Bg5 h6 9. Bh4 g5 10. e5 Nh7 11. Bg3 f5 12. exf6 Nxf6 13. Qd3 Qe8 14. Re1 Qf7 15. Nc3 d5 16. Bxc6 bxc6 17. Ne5 Qh7 18. Qxh7+ Kxh7 19. Nxc6 Bb7 20. Re7+ Kg8 21. Ne5 Bxd4 22. Rxc7 Rae8 23. Nf3 Bxc3 24. Rxb7 g4 25. bxc3 gxf3 26. gxf3 Rf7 27. Rxf7 Kxf7 28. Kf1 Rc8 29. Be5 Ke6 30. Bd4 Rb8 31. Bxa7 Rb2 32. Bd4 Nh5 33. c4 Rd2 34. cxd5+ Kxd5 35. Be3 1-0

[Event "Duisburg Grossenbaum op"]
[Site "Duisburg"]
[Date "2006.06.04"]
[Round "4"]
[White "Backes, Holger"]
[Black "Mietner, Franz"]
[Result "1/2-1/2"]
[WhiteElo "1775"]
[BlackElo "2013"]
[PlyCount "79"]
[EventDate "2006.06.02"]
[EventType "swiss"]
[EventRounds "7"]
[EventCountry "GER"]
[SourceTitle "EXT 2007"]
[Source "ChessBase"]
[SourceDate "2006.11.23"]
[SourceVersion "1"]
[SourceVersionDate "2006.11.23"]
[SourceQuality "1"]

1. d4 Nf6 2. Bf4 g6 3. e3 Bg7 4. Nf3 d6 5. Be2 0-0 6. 0-0 Nh5 7. Bg5 Nd7 8. c3 h6 9. Bh4 Bf6 10. Bxf6 Nhxf6 11. Qc2 e5 12. dxe5 Nxe5 13. Nxe5 dxe5 14. Rd1 Qe7 15. e4 Bg4 16. Na3 Rad8 17. h3 Be6 18. Bc4 a6 19. Bxe6 Qxe6 20. b3 b5 21. Qe2 Qc6 22. c4 Qc5 23. Nc2 Qc6 24. f3 Nh5 25. cxb5 axb5 26. Rd2 Nf4 27. Qe3 Rxd2 28. Qxd2 Qb6+ 29. Kh2 Ne6 30. Rd1 Rd8 31. Qe2 Rxd1 32. Qxd1 Qf2 33. Nb4 Nf4 34. Qc2 Ne2 35. Qd1 h5 36. Nd3 Qg3+ 37. Kh1 Nd4 38. Qe1 Qg5 39. Qc1 Qe7 40. Qc5 1/2-1/2

[Event "Ruhrgebiet Seniors op 13th"]
[Site "Essen"]
[Date "2006.04.04"]
[Round "4"]
[White "Mietner, Franz"]
[Black "Schippan, Bernhard"]
[Result "0-1"]
[WhiteElo "1786"]
[BlackElo "2140"]
[PlyCount "84"]
[EventDate "2006.03.28"]
[EventType "swiss"]
[EventRounds "9"]
[EventCountry "GER"]
[SourceTitle "EXT 2007"]
[Source "ChessBase"]
[SourceDate "2006.11.23"]
[SourceVersion "1"]
[SourceVersionDate "2006.11.23"]
[SourceQuality "1"]

1. e4 e5 2. Nf3 Nc6 3. Bb5 a6 4. Ba4 Nf6 5. 0-0 Be7 6. Re1 b5 7. Bb3 0-0 8. c3 d5 9. exd5 Nxd5 10. Nxe5 Nxe5 11. Rxe5 c6 12. d4 Bd6 13. Re1 Qh4 14. g3 Qh3 15. Qd3 Bf5 16. Qf1 Qh5 17. Bd1 Qg6 18. Nd2 Nf4 19. Re3 Bh3 20. Qe1 Ng2 21. Qe2 Nxe3 22. fxe3 f5 23. Qh5 Qxh5 24. Bxh5 c5 25. Bf3 Rae8 26. Bd5+ Kh8 27. Nf3 h6 28. a4 b4 29. Bd2 a5 30. Bc6 Re7 31. Kf2 g5 32. cxb4 cxb4 33. b3 Rc8 34. d5 Rf8 35. Ng1 Bg4 36. Re1 f4 37. exf4 gxf4 38. gxf4 Bc5+ 39. Kf1 Rxe1+ 40. Bxe1 Rxf4+ 41. Kg2 Rd4 42. Bh4 Rd2+ 0-1

[Event "Essen op04"]
[Site "Essen"]
[Date "2005.04.20"]
[Round "9"]
[White "Goertz, Hans Georg"]
[Black "Mietner, Franz"]
[Result "1/2-1/2"]
[WhiteElo "1766"]
[BlackElo "1725"]
[PlyCount "76"]
[EventDate "2005.04.04"]
[EventType "swiss"]
[EventRounds "9"]
[EventCountry "GER"]
[SourceTitle "EXT 2007"]
[Source "ChessBase"]
[SourceDate "2006.11.23"]
[SourceVersion "1"]
[SourceVersionDate "2006.11.23"]
[SourceQuality "1"]

1. d4 Nf6 2. c4 g6 3. Nc3 Bg7 4. e4 d6 5. f3 0-0 6. Be3 e5 7. d5 Nh5 8. Qd2 f5 9. exf5 gxf5 10. 0-0-0 f4 11. Bf2 Bf5 12. g4 fxg3 13. hxg3 Nf6 14. g4 Bg6 15. Bd3 Qe8 16. Nh3 e4 17. Rde1 Nbd7 18. Nxe4 Ne5 19. Nhg5 Qa4 20. Nxf6+ Rxf6 21. Bxg6 Rxg6 22. b3 Qa3+ 23. Kd1 Rf8 24. Bd4 h6 25. f4 Rxg5 26. Bxe5 Rxg4 27. Bxg7 Kxg7 28. f5 Rg5 29. Re6 Qc5 30. Rexh6 Rfxf5 31. Re6 Rg1+ 32. Re1 Rxe1+ 33. Kxe1 Re5+ 34. Kd1 Qe3 35. Qxe3 Rxe3 36. Kd2 Rg3 37. Rh2 a5 38. Re2 Kf7 1/2-1/2

[Event "Ruhrgebiet Seniors op 12th"]
[Site "Essen"]
[Date "2005.04.11"]
[Round "4"]
[White "Mietner, Franz"]
[Black "Schmidt, Peter1111"]
[Result "0-1"]
[WhiteElo "1725"]
[BlackElo "1645"]
[PlyCount "98"]
[EventDate "2005.04.04"]
[EventType "swiss"]
[EventRounds "9"]
[EventCountry "GER"]
[SourceTitle "EXT 2007"]
[Source "ChessBase"]
[SourceDate "2006.11.23"]
[SourceVersion "1"]
[SourceVersionDate "2006.11.23"]
[SourceQuality "1"]

1. e4 e5 2. Nf3 Nc6 3. Bb5 a6 4. Ba4 Nf6 5. 0-0 b5 6. Bb3 Be7 7. Re1 0-0 8. c3 d6 9. h3 Na5 10. Bc2 c5 11. d4 Nc6 12. d5 Na5 13. Nbd2 c4 14. Nf1 h6 15. Ng3 Nb7 16. Be3 Nh7 17. Qd2 f5 18. exf5 Nf6 19. Bxh6 gxh6 20. Qxh6 Rf7 21. Ng5 Qf8 22. Nxf7 Qxf7 23. Ne4 Nxe4 24. Bxe4 Bf6 25. Re3 Bg7 26. Rg3 Kf8 27. Qh4 Bf6 28. Qg4 Nc5 29. Bc2 Bb7 30. Rd1 Ke7 31. Be4 Nxe4 32. Qxe4 Rg8 33. Rg6 Bc8 34. g4 Qh7 35. Kg2 Kf7 36. Rxg8 Qxg8 37. Kh2 Bg5 38. Kg2 Kf6 39. Rh1 Bb7 40. Rd1 Qa8 41. f4 Bxf4 42. h4 Qg8 43. Kh3 Qh7 44. g5+ Bxg5 45. Rg1 Bf4 46. Rg6+ Kf7 47. Rxd6 Bc8 48. Re6 Qg7 49. Rg6 Qxg6 0-1

[Event "EU-ch Seniors 05th"]
[Site "Bad Homburg"]
[Date "2005.??.??"]
[Round "8"]
[White "Schoene, Armin"]
[Black "Mietner, Franz"]
[Result "1-0"]
[WhiteElo "2186"]
[BlackElo "2022"]
[PlyCount "129"]
[EventDate "2005.06.25"]
[EventType "swiss"]
[EventRounds "9"]
[EventCountry "GER"]
[SourceTitle "EXT 2006"]
[Source "ChessBase"]
[SourceDate "2005.11.24"]
[SourceVersion "1"]
[SourceVersionDate "2005.11.24"]
[SourceQuality "1"]

1. e4 c6 2. d4 d5 3. f3 e6 4. Nc3 Bb4 5. Bf4 Nf6 6. Qd3 Qa5 7. Nge2 0-0 8. a3 b6 9. 0-0-0 Be7 10. g4 Ba6 11. Qe3 b5 12. g5 Nh5 13. exd5 b4 14. d6 Bd8 15. axb4 Qxb4 16. Be5 Nd7 17. Na2 Qa5 18. Kb1 Rb8 19. Nec1 Bxf1 20. Rhxf1 Nb6 21. Nb3 Nd5 22. Qe4 Qa4 23. Rg1 Ba5 24. Rd3 Qb5 25. Rc1 Nb4 26. c4 Qa4 27. Nxb4 Bxb4 28. Qe2 Rb6 29. Kc2 Qa6 30. c5 Rb7 31. Re3 Rb5 32. Ra1 Qb7 33. Qc4 g6 34. Ra4 Ng7 35. Bxg7 Kxg7 36. h4 Rb8 37. h5 gxh5 38. f4 Be1 39. f5 Bf2 40. Rf3 exf5 41. Qc3 Kg8 42. Ra3 Bg1 43. Rf1 Bxd4 44. Nxd4 Rxb2+ 45. Kd3 Rh2 46. Rf3 Qb1+ 47. Kc4 Rh4 48. Rb3 Qa2 49. Qb2 Qxb2 50. Rxb2 Rxb2 51. Kc3 Rb7 52. Nxc6 Ra4 53. Rxf5 h4 54. Rd5 Ra3+ 55. Kc4 Ra4+ 56. Kc3 Ra3+ 57. Kd4 Ra4+ 58. Ke5 Rd7 59. Rd3 Rc4 60. Kd5 Rc1 61. Ne5 Rd8 62. c6 a5 63. d7 a4 64. Kd6 Ra8 65. Ke7 1-0

[Event "Wch Seniors 14th"]
[Site "Halle"]
[Date "2004.11.04"]
[Round "10"]
[White "Weber, Gerhard"]
[Black "Mietner, Franz"]
[Result "1/2-1/2"]
[WhiteElo "1866"]
[BlackElo "2053"]
[PlyCount "95"]
[EventDate "2004.10.24"]
[EventType "swiss"]
[EventRounds "11"]
[EventCountry "GER"]
[SourceTitle "EXT 2005"]
[Source "ChessBase"]
[SourceDate "2004.11.15"]
[SourceVersion "1"]
[SourceVersionDate "2004.11.15"]
[SourceQuality "1"]

1. c4 Nf6 2. Nc3 g6 3. g3 Bg7 4. Bg2 0-0 5. Nf3 c6 6. 0-0 d5 7. cxd5 Nxd5 8. d4 Nd7 9. e4 Nxc3 10. bxc3 Nf6 11. Qc2 Qa5 12. Re1 Rd8 13. Bg5 h6 14. Bd2 Bd7 15. Ne5 Rac8 16. Bf1 Nh5 17. Nc4 Qc7 18. Be2 Bh3 19. Bxh5 gxh5 20. Bf4 Qd7 21. Ne5 Qe6 22. Nd3 h4 23. f3 Qc4 24. Rac1 Be6 25. Nc5 b6 26. Nxe6 Qxe6 27. gxh4 Qh3 28. Qf2 Kh8 29. Kh1 Bf6 30. Bg3 Rg8 31. Rg1 Rg6 32. e5 Bg7 33. Bf4 Qf5 34. Qe3 Rg8 35. Rxg6 Qxg6 36. Rg1 Qh5 37. Qf2 Bf8 38. Rxg8+ Kxg8 39. Qg3+ Kh7 40. Qg4 Qg6 41. Qxg6+ Kxg6 42. Kg2 Kf5 43. Bc1 h5 44. Kf2 e6 45. Bg5 Ba3 46. Ke2 c5 47. Kd3 b5 48. Kc2 1/2-1/2

[Event "Wch Seniors 14th"]
[Site "Halle"]
[Date "2004.10.30"]
[Round "7"]
[White "Mietner, Franz"]
[Black "Jordanov, Doichin"]
[Result "0-1"]
[WhiteElo "2053"]
[BlackElo "2107"]
[PlyCount "96"]
[EventDate "2004.10.24"]
[EventType "swiss"]
[EventRounds "11"]
[EventCountry "GER"]
[SourceTitle "EXT 2005"]
[Source "ChessBase"]
[SourceDate "2004.11.15"]
[SourceVersion "1"]
[SourceVersionDate "2004.11.15"]
[SourceQuality "1"]

1. e4 d5 2. exd5 Nf6 3. d4 Nxd5 4. Nf3 Bg4 5. h3 Bh5 6. g4 Bg6 7. Ne5 e6 8. Nxg6 hxg6 9. Bg2 c6 10. Qe2 Bd6 11. Bxd5 cxd5 12. Qb5+ Nc6 13. Bd2 Qd7 14. Qd3 Rc8 15. a3 Qc7 16. Nc3 a6 17. Qe3 Kf8 18. b4 b5 19. f4 Nb8 20. Ne2 Nd7 21. a4 Nb6 22. axb5 axb5 23. Qd3 Nc4 24. Rc1 Qe7 25. c3 Qh4+ 26. Kf1 Ra8 27. Be1 Qf6 28. g5 Qf5 29. Qxf5 Ne3+ 30. Kf2 Nxf5 31. Kf3 Ra3 32. Rb1 Ke7 33. h4 Rha8 34. Bf2 R8a4 35. Kg2 Ra2 36. Rhe1 Rc2 37. Rbc1 Raa2 38. Rxc2 Rxc2 39. Kf3 Ra2 40. Nc1 Ra3 41. Ne2 Bxb4 42. Rb1 Bxc3 43. Kg2 Nd6 44. Nxc3 Rxc3 45. Be1 Rd3 46. Bb4 Rxd4 47. Bc5 Rxf4 48. Kg3 Rc4 0-1

[Event "Wch Seniors 14th"]
[Site "Halle"]
[Date "2004.10.29"]
[Round "6"]
[White "Fries, Karl Heinz"]
[Black "Mietner, Franz"]
[Result "0-1"]
[WhiteElo "1891"]
[BlackElo "2053"]
[PlyCount "150"]
[EventDate "2004.10.24"]
[EventType "swiss"]
[EventRounds "11"]
[EventCountry "GER"]
[SourceTitle "EXT 2005"]
[Source "ChessBase"]
[SourceDate "2004.11.15"]
[SourceVersion "1"]
[SourceVersionDate "2004.11.15"]
[SourceQuality "1"]

1. e4 c6 2. d4 d5 3. exd5 cxd5 4. c4 Nf6 5. Nc3 e6 6. c5 Be7 7. b4 0-0 8. Nf3 b6 9. Bd3 a5 10. Na4 bxc5 11. bxc5 Ba6 12. Nb6 Ra7 13. Ne5 Bxd3 14. Qxd3 Qc7 15. Bf4 Nh5 16. Bd2 Bxc5 17. Na4 Bb4 18. 0-0 Nd7 19. f4 Nhf6 20. Rfc1 Qb7 21. Rab1 Qa8 22. Be3 Rb7 23. a3 Bd6 24. Rxb7 Qxb7 25. Rb1 Qa8 26. Nb6 Nxb6 27. Rxb6 Bc7 28. Ra6 Qb7 29. h3 Ra8 30. Rxa8+ Qxa8 31. Qc3 Bxe5 32. fxe5 Ne4 33. Qb2 a4 34. Qb5 h6 35. Kh2 Kh7 36. Qb4 Qe8 37. Qb7 Nc3 38. Qb4 Qc6 39. Bd2 Ne4 40. Qb2 Qc4 41. Bb4 Qb3 42. Qe2 Qg3+ 43. Kg1 Qf4 44. Qc2 Qe3+ 45. Kh2 Qb3 46. Qc1 Qg3+ 47. Kg1 Qf2+ 48. Kh2 Qxd4 49. Qf4 Qf2 50. Qg4 g6 51. Bd6 h5 52. Qd1 Qf4+ 53. Kg1 Ng3 54. Qf3 Qxf3 55. gxf3 Nf5 56. Kf2 Kg8 57. Bc5 f6 58. f4 fxe5 59. fxe5 Kg7 60. Kf3 g5 61. Bb4 Nd4+ 62. Kf2 Kg6 63. Bd6 Kf5 64. Ke3 Nc6 65. Bc7 Nxe5 66. Kd4 Nd7 67. Bd6 Nb6 68. Bc5 e5+ 69. Kd3 Nd7 70. Be3 d4 71. Bg1 g4 72. h4 g3 73. Kc4 Ke4 74. Kb5 d3 75. Kxa4 d2 0-1

[Event "Duisburg Grossenbaum op"]
[Site "Duisburg"]
[Date "2004.05.31"]
[Round "7"]
[White "Mietner, Franz"]
[Black "Liu, Xiao You"]
[Result "1-0"]
[WhiteElo "2042"]
[BlackElo "1901"]
[PlyCount "59"]
[EventDate "2004.05.28"]
[EventType "swiss"]
[EventRounds "7"]
[EventCountry "GER"]
[SourceTitle "EXT 2006"]
[Source "ChessBase"]
[SourceDate "2005.11.24"]
[SourceVersion "1"]
[SourceVersionDate "2005.11.24"]
[SourceQuality "1"]

1. e4 b6 2. d4 Bb7 3. Nc3 e6 4. Be3 Bb4 5. Bd3 f5 6. f3 fxe4 7. fxe4 Nf6 8. Bg5 h6 9. Bxf6 Qxf6 10. Nf3 Nc6 11. e5 Qf4 12. Bg6+ Kd8 13. 0-0 Bxc3 14. bxc3 Qe3+ 15. Kh1 Qxc3 16. d5 Nxe5 17. dxe6 d6 18. e7+ Kd7 19. Nxe5+ Qxe5 20. Qg4+ Kc6 21. Rae1 Qg5 22. Be4+ d5 23. Qe6+ Kc5 24. Bg6 Bc6 25. c4 Qd2 26. Rd1 Qxa2 27. cxd5 Bb7 28. Rc1+ Kb4 29. Qe1+ Kb5 30. Bd3+ 1-0